000 00207 a2200085 4500
020 _a9780799329537
100 _aBergh, Rene
_974722
245 _aHartejag
999 _c730171
_d730170
942 _w2694
_xGrace Mofokeng
_y296
_zPhillipina Naude